000 01867cam a2200349 i 4500
001 20881228
003 NUST
005 20220511145309.0
008 190308t20191993ilu 000 1 eng
010 _a 2019009010
020 _a9781492632399 (trade paperback : alk. paper)
038 _aArshad
040 _aDLC
_beng
_cDLC
_erda
_dDLC
042 _apcc
050 0 0 _aPR6063.A395
_bK57 2019
082 0 0 _a823.914
_bMAN
100 1 _aMansell, Jill,
_eauthor.
_911111
245 1 0 _aKiss /
_cJill Mansell.
264 1 _aNaperville, Illinois :
_bSourcebooks Landmark,
_c2019
300 _a388 pages ;
_c22 cm
336 _atext
_btxt
_2rdacontent
337 _aunmediated
_bn
_2rdamedia
338 _avolume
_bnc
_2rdacarrier
500 _a"This edition based on the paperback edition published in 2006 by Headline Review."
500 _aOriginally published, 1993.
520 _a"When aspiring musician Izzy is knocked off her motorbike, she doesn't just lose her dignity--she loses both long-term boyfriends, her job, and her beautiful apartment. Gina, who caused the accident, has more important things to worry about: Her husband's mistress is pregnant and she's suddenly on her own. Why should she care about Izzy? Yet somehow, Gina finds herself opening her home to Izzy and her spirited teenage daughter. And it's there that Izzy meets heart-stoppingly handsome Sam, whose lingering kiss is all it takes for her to find the true love that has always eluded her--though there are just a few obstacles between that first kiss and her happily ever after..."--
_cProvided by publisher.
563 _aPBK
655 7 _aLove stories.
_2gsafd
906 _a7
_bcbc
_corignew
_d1
_eecip
_f20
_gy-gencatlg
942 _2ddc
_cBK
999 _c589635
_d589635